Normas de transcripción y edición de textos y documentos. (Record no. 113997)

MARC details
000 -LEADER
campo de control de longitud fija 00583nam a2200169 4500
001 - NÚMERO DE CONTROL
campo de control 113997
003 - IDENTIFICADOR DE NÚMERO DE CONTROL
campo de control ES-MaACL
005 - FECHA Y HORA DE LA ÚLTIMA TRANSACCIÓN
campo de control 20230906190043.0
007 - CAMPO FIJO DE DESCRIPCIÓN FÍSICA--INFORMACIÓN GENERAL
campo de control de longitud fija t|
008 - DATOS DE LONGITUD FIJA--INFORMACIÓN GENERAL
campo de control de longitud fija 061121s1944 sp r ||||1| spa d
245 00 - MENCIÓN DEL TÍTULO
Título Normas de transcripción y edición de textos y documentos.
260 ## - PUBLICACIÓN, DISTRIBUCIÓN, ETC.
Lugar de publicación, distribución, etc. Madrid :
Nombre del editor, distribuidor, etc. Consejo S. de I.C.,
Fecha de publicación, distribución, etc. 1944.
300 ## - DESCRIPCIÓN FÍSICA
Extensión 53 p. ;
Dimensiones 21 cm.
500 ## - NOTA GENERAL
Nota general Precede al Tit : Consejo Superior de Investigaciones Científicas. Escuela de Estudios Medievales.
710 2# - ENTRADA AGREGADA--NOMBRE DE ENTIDAD CORPORATIVA
Nombre de entidad corporativa o nombre de jurisdicción como elemento de entrada Escuela de Estudios Medievales (España)
9 (RLIN) 170983
852 ## - LOCALIZACIÓN
Ubicación ES-MaACL
Número de control de estantería 1849-F-3
Sublocalización o colección R.21036
Holdings
Estatus retirado Estado de pérdida Estado de daño No para préstamo Colección Biblioteca de origen Biblioteca actual Ubicación en estantería Fecha de adquisición Fuente de adquisición Total de préstamos Signatura topográfica completa Código de barras Visto por última vez Precio de reemplazo Tipo de ítem Koha
        Colección de folletos Biblioteca del Ateneo de Madrid Biblioteca del Ateneo de Madrid Depósito folletos 17/01/2008     1849-F-3 1118887 23/02/2023 23/02/2023 Folleto